| 000 | 00344nam a22001337a 4500 | ||
|---|---|---|---|
| 005 | 20170630104250.0 | ||
| 008 | 170630b xxu||||| |||| 00| 0 eng d | ||
| 022 | _a2249-3174 | ||
| 245 | _aInternational Journal of Physics | ||
| 250 | _aVolume-7- Issue No 1 | ||
| 260 |
_aDelhi _bResearch India Publication _c2017 |
||
| 300 | _aP91 | ||
| 942 | _cJRL | ||
| 999 |
_c5491 _d5489 |
||